[Event "Fortaleza Edmar Monte 4th"]
[Site "Fortaleza"]
[Date "2017.07.30"]
[Round "5"]
[White "Oliveira de Aguiar, Andre Wescley"]
[Black "Pinto Farias, Luiz Jadir"]
[Result "0-1"]
[WhiteElo "1632"]
[BlackElo "1643"]
[PlyCount "116"]
[EventDate "2017.07.27"]
[EventType "swiss"]
[EventRounds "6"]
[EventCountry "BRA"]
[SourceTitle "EXT 2018"]
[Source "ChessBase"]
[SourceDate "2017.10.13"]
[SourceVersion "1"]
[SourceVersionDate "2017.10.13"]
[SourceQuality "1"]

1. c4 e5 2. Nc3 Nf6 3. d3 Bc5 4. Nf3 d6 5. g3 Bg4 6. Bg2 Nbd7 7. 0-0 0-0 8. Nd2 c6 9. Nde4 Nxe4 10. Nxe4 Bd4 11. Nxd6 Nc5 12. Ne4 Nxe4 13. Bxe4 Qd7 14. Qc2 Bh5 15. Bg2 Qg4 16. e3 Bc5 17. b3 f5 18. Qd1 Rad8 19. Qxg4 Bxg4 20. f3 Bh5 21. Bb2 Bxe3+ 22. Kh1 Bd4 23. Bxd4 Rxd4 24. Rfe1 Re8 25. f4 exf4 26. Rxe8+ Bxe8 27. Rd1 Bh5 28. Rd2 f3 29. Bh3 Bg4 30. Bxg4 fxg4 31. Kg1 h5 32. Kf2 c5 33. Rd1 Kf7 34. Ke3 g5 35. b4 b6 36. bxc5 bxc5 37. Rb1 Rd7 38. Rb5 Re7+ 39. Kf2 Re2+ 40. Kf1 Rxa2 41. Rxc5 a5 42. Rxg5 Rxh2 43. Rxa5 Rh1+ 44. Kf2 Rh2+ 45. Kf1 Kg6 46. Ra6+ Kf5 47. Ra5+ Ke6 48. d4 Rh1+ 49. Kf2 Rh2+ 50. Kf1 h4 51. Ra6+ Kf5 52. Ra5+ Ke4 53. Rg5 Ke3 54. Kg1 hxg3 55. d5 f2+ 56. Kf1 Rh1+ 57. Kg2 f1Q+ 58. Kxg3 Qh3# 0-1

[Event "Fortaleza Edmar Monte 4th"]
[Site "Fortaleza"]
[Date "2017.07.28"]
[Round "2"]
[White "Donato, Murillo Vernillo"]
[Black "Pinto Farias, Luiz Jadir"]
[Result "1/2-1/2"]
[WhiteElo "1776"]
[BlackElo "1643"]
[PlyCount "73"]
[EventDate "2017.07.27"]
[EventType "swiss"]
[EventRounds "6"]
[EventCountry "BRA"]
[SourceTitle "EXT 2018"]
[Source "ChessBase"]
[SourceDate "2017.10.13"]
[SourceVersion "1"]
[SourceVersionDate "2017.10.13"]
[SourceQuality "1"]

1. e4 d6 2. d4 Nf6 3. Nc3 g6 4. Be2 Bg7 5. Be3 c6 6. Nf3 0-0 7. Qd2 Ng4 8. Bf4 Re8 9. h3 Nf6 10. Bh6 Qb6 11. Rb1 Nbd7 12. Bc4 e6 13. Bb3 a5 14. 0-0 Qc7 15. Rfe1 b5 16. a3 b4 17. Na4 Bb7 18. Re3 Bxh6 19. Rbe1 Bxe3 20. Rxe3 bxa3 21. bxa3 Nb6 22. Qc3 Nxa4 23. Bxa4 Rec8 24. d5 exd5 25. Qxf6 Re8 26. e5 Re6 27. exd6 Qxd6 28. Rxe6 Qxe6 29. Qc3 f6 30. Nd4 Qe5 31. Bxc6 Bxc6 32. Qxc6 Rb8 33. Nb3 Qe1+ 34. Kh2 Qe5+ 35. Kg1 Re8 36. Qc5 Qe1+ 37. Kh2 1/2-1/2

[Event "Fortaleza Monte Cup"]
[Site "Fortaleza"]
[Date "2017.04.23"]
[Round "5"]
[White "De Lima, Nilo Fernandes"]
[Black "Pinto Farias, Luiz Jadir"]
[Result "1-0"]
[WhiteElo "1804"]
[BlackElo "1663"]
[PlyCount "96"]
[EventDate "2017.04.21"]
[EventType "swiss"]
[EventRounds "6"]
[EventCountry "BRA"]
[SourceTitle "CBM 178 Extra"]
[Source "ChessBase"]
[SourceDate "2017.06.22"]
[SourceVersion "1"]
[SourceVersionDate "2017.06.22"]
[SourceQuality "1"]

1. e4 c5 2. d4 cxd4 3. Nf3 e6 4. c3 Nc6 5. Bc4 Qc7 6. Qe2 Na5 7. Bb3 dxc3 8. Nxc3 a6 9. 0-0 Bc5 10. e5 b5 11. Bg5 Bb7 12. Rfe1 Ne7 13. Bxe7 Bxe7 14. Rac1 Qb6 15. Bc2 Nc6 16. Red1 Nb4 17. Be4 Rd8 18. Bxb7 Qxb7 19. a3 Nc6 20. Ne4 0-0 21. h4 d5 22. exd6 Bf6 23. Nxf6+ gxf6 24. g4 Rd7 25. Rd2 Rfd8 26. Rcd1 Na7 27. g5 Nc8 28. gxf6 Rxd6 29. Rxd6 Rxd6 30. Rxd6 Nxd6 31. Ne5 Qe4 32. Qxe4 Nxe4 33. Nd7 h5 34. b4 Kh7 35. Nb8 Kg6 36. Nxa6 Nd6 37. Nc5 Kxf6 38. a4 bxa4 39. Nxa4 Kf5 40. f3 Kf4 41. Kf2 e5 42. Nc3 Kf5 43. b5 Ke6 44. Ke3 f5 45. f4 e4 46. Kd4 Nb7 47. b6 Kd6 48. Nd5 Kc6 1-0

[Event "Fortaleza Monte Cup"]
[Site "Fortaleza"]
[Date "2017.04.22"]
[Round "3"]
[White "Pinto Farias, Luiz Jadir"]
[Black "De Araujo, Jose Claudio"]
[Result "0-1"]
[WhiteElo "1663"]
[BlackElo "1900"]
[PlyCount "41"]
[EventDate "2017.04.21"]
[EventType "swiss"]
[EventRounds "6"]
[EventCountry "BRA"]
[SourceTitle "CBM 178 Extra"]
[Source "ChessBase"]
[SourceDate "2017.06.22"]
[SourceVersion "1"]
[SourceVersionDate "2017.06.22"]
[SourceQuality "1"]

1. d4 d5 2. Nf3 e6 3. g3 c5 4. Bg2 Nf6 5. 0-0 Qb6 6. e3 Bd7 7. Nc3 Bd6 8. Re1 Bc6 9. a4 Nbd7 10. Bf1 Rc8 11. Nb5 Bb8 12. dxc5 Nxc5 13. b4 Nxa4 14. Rxa4 Bxb5 15. Bxb5+ Qxb5 16. c3 Ne4 17. Ra3 0-0 18. Bb2 Rc4 19. Nd2 Nxd2 20. Qxd2 Qc6 21. Rd1 0-1